000
00296nam a22001337a 4500
008
181018b xxu||||| |||| 00| 0 eng d
020
_a
025201601470
041
_a
eng
080
_a
621
100
_a
27
101
_a
ENG
245
_a
Grain Grade And Standards
_c
Hill.L.D
942
_2
udc
_c
BK
999
_c
50162
_d
50162